000 00453nab a2200145Ia 4500
003 ES-SlBCS
005 20210601143241.0
008 140529s2005 xxu||||| |||| 00| 0 spa d
041 _aspa
100 1 _aKemmer, Susanne
_9283406
245 0 0 _aAprendizaje con medios virtuales
_c Susanne Kemmer
650 0 4 _aAprendizaje-Medios Virtuales
_9283461
773 0 _tMente y Cerebro (Investigación Ciencia)
_gnº. 15, 2005, págs. 16-18
_wRev1286
942 _cAR
999 _c689468
_d689468